| 000 | 01353nam a2200229Ia 4500 | ||
|---|---|---|---|
| 999 |
_c15234 _d15234 |
||
| 003 | OSt | ||
| 005 | 20220205111324.0 | ||
| 008 | 160316s1998 xxu||||| |||| 00| 0 eng d | ||
| 020 | _a0406063303 | ||
| 040 | _c. | ||
| 082 |
_a346.015 BRO _bBRO |
||
| 100 | _aBromley P M | ||
| 245 | _aFamily law | ||
| 250 | _a9th | ||
| 260 |
_aLondon _bButterworths _c1998 |
||
| 300 |
_a929P _cxxxvii |
||
| 365 | _bRs.1.835 | ||
| 505 | _aContents; Preface; List Of Cases; Chp-1 Introduction Chp-2 Marriage Chp-3 Void And Voidable Marriages Chp-4 Rights In Property; Spouses And Cohabitants Chp-5 The Family Home Chp-6 Family Protection Chp-7 Divorce Chp-8 Parents And Children Chp- 9 The Children Act 1989 And The Application Of The Welfare Principle Chp-10 Parental Responsibility Chp-11 Guardianship Chp-12 The Court’s Powers To Make Orders Under Part II of The Children Act 1989 Chp-13 International Parental Child Abducton Chp-14 Children And Local Authorities Chp-15 Adoption Chp-16 The High Court’s Inherent Powers In Respect Of Children Ch-17 Financial Support For Members Of The Family Chp- 18 Financial relief For Family Members On Divorce, Nullity And In Relation To Separation Orders Chp-19 The Legal Consequences Of A Death In The Family Index | ||
| 650 | _a1.Family laws - U K | ||
| 700 |
_a _a |
||
| 942 |
_2ddc _cBK |
||